Loading...
| History - European History | 3 | 3 | 0 | 1 | 75 | 13 | 75.67 | 2 | 4 |
| History - World History | 2 | 4 | 0 | 1 | 70 | 52 | 80.83 | 3 | 5 |
| Science - Chemistry | 2 | 3 | 0 | 0 | 60 | 47 | 70.00 | 4 | 5 |
| Mythology | 2 | 2 | 0 | 1 | 50 | 49 | 79.75 | 1 | 4 |
| History - Other History | 2 | 2 | 1 | 0 | 45 | 31 | 58.50 | 0 | 3 |
| Religion | 0 | 4 | 0 | 0 | 40 | 87 | 99.75 | 2 | 4 |
| Fine Arts - Auditory Fine Arts | 0 | 3 | 0 | 0 | 30 | 78 | 104.67 | 1 | 2 |
| History - American History | 0 | 2 | 0 | 0 | 20 | 76 | 92.00 | 0 | 1 |
| Philosophy | 1 | 0 | 0 | 0 | 15 | 60 | 60.00 | 0 | 1 |
| Literature - World Literature | 1 | 0 | 0 | 0 | 15 | 64 | 64.00 | 0 | 1 |
| Social Science | 0 | 1 | 0 | 0 | 10 | 67 | 67.00 | 0 | 1 |
| Fine Arts - Other Fine Arts | 1 | 0 | 1 | 0 | 10 | 69 | 69.00 | 0 | 1 |
| Literature - British Literature | 0 | 1 | 0 | 0 | 10 | 113 | 113.00 | 0 | 1 |
| Geography | 0 | 0 | 1 | 0 | -5 | 0.00 | 0 | 0 |